header

Dazzled and deceived (Record no. 139402)

MARC details
000 -LEADER
fixed length control field 01165nam a2200289Ia 4500
100 1# - MAIN ENTRY--AUTHOR NAME
Personal name Forbes, Peter,
245 10 - TITLE STATEMENT
Title Dazzled and deceived
260 ## - PUBLICATION, DISTRIBUTION, ETC. (IMPRINT)
Place of publication New Haven, Conn. ;
-- London :
Name of publisher Yale University Press,
Year of publication 2009.
300 ## - PHYSICAL DESCRIPTION
Number of Pages xvi, 283 p. :
Other physical details ill. (chiefly col.), maps (some col.)
650 #0 - SUBJECT ADDED ENTRY--TOPICAL TERM
Topical Term Mimicry (Biology)
Topical Term Camouflage (Biology)
856 40 - ELECTRONIC LOCATION AND ACCESS
Uniform Resource Identifier http://site.ebrary.com/lib/rucke/Doc?id=10551228

No items available.

© 2026 Rongo University
Contact us: librarian | system librarian | Rongo university